Le petit Duc /

محفوظ في:
التفاصيل البيبلوغرافية
المؤلف الرئيسي: Hervieu, Paul (autor)
مؤلفون آخرون: Lalau, Maurice (ilustración) (ilustración)
التنسيق: كتاب
اللغة:الفرنسية
سلاسل:(Modern-Bibliothèque ; 87)
الموضوعات:
الوسوم: إضافة وسم
لا توجد وسوم, كن أول من يضع وسما على هذه التسجيلة!

MARC

LEADER 00000nam^a2200000^a^4500
001 000380062
005 20250526000000.0
009 20260310120544.716
037 |a Acervo ITESO - Biblioteca 
041 |a FRA 
082 |a 808. 83  |b MOD V. 87 
100 |a Hervieu, Paul  |e (autor) 
245 1 3 |a Le petit Duc /  |c P. Hervieu ; il. de M. Lalau. 
264 |a París, Francia :  |b Fayard,  |c copyright fecha no identificada 
300 |a 122 p. ;  |c 24.0 cm. 
336 |a texto  |b txt  |2 rdacontenido 
337 |a sin mediación  |b n  |2 rdamedio 
338 |a volumen  |b nc  |2 rdasoporte 
440 1 |a (Modern-Bibliothèque ;  |v 87) 
649 |a XX 
650 |a Novela Francesa 
650 |a Literatura Francesa -  |y Siglo XIX 
700 |a Lalau, Maurice  |e (ilustración) 
910 |a Fondo General 
920 |a Impresos - Libros 
930 |a Libros Antiguos y Raros 
940 |a Literatura 
905 |a 108 
901 |a 0500274908  |b IT2  |c LRA  |i D77874  |u 20250526 
902 |a https://opac.biblio.iteso.mx/vufind/Record/000380062